000 00429nam a2200145Ia 4500
008 100204s9999 xx 000 0 und d
082 _b24
100 _aसाधले आनंद
245 _aकुमार संभव
260 _b"प्रिया प्रकाशन, मुंबई"
300 _a184
630 _aकुमार संभव
730 _aकुमार संभव
942 _cBOOK
999 _c445221
_d445218